000 00371nam a2200145Ia 4500
008 210210b1969 xxu||||| |||| 00| 0 eng d
082 _a582.04 ESAA
100 _aESAU (Katherine).
245 _aAnatomy of seed plants.
260 _aN Delhi
_bWiley Eastern Pvt Ltd.
_c1969
300 _axvi,376
650 _aAnatomy Seed Plants
690 _aBotany
906 _a029497
999 _c80712
_d80712